000 00727nam a2200241 i 4500
001 C2-0322679
003 PPAK
005 20180728121512.0
008 130818s2013 my a|||| ||||| | may d
020 _a9789670414768
040 _aPPAK
_beng
_cPPAK
_erda
082 0 4 _a297.1222
_223
090 0 0 _a297.1222
_bKHA
_dK
100 1 _aKhan, Saniyasnain,
_eauthor
245 1 0 _aKisah-kisah terbaik Al-Quran pertamaku
264 1 _aHulu Selangor, Selangor :
_bDarul Mughni ,
_c2013
300 _a317 pages :
_bcolour illustrations ;
_c19 cm
336 _2rdacontent
_atext
337 _2rdamedia
_aunmediated
338 _2rdacarrier
_avolume
650 1 0 _aKoran stories, English - Translations into Malay.
942 _ddc
_cB
999 _c122922
_d122922